The Feels by Twice Lyrics - Statistics

General Stats
  • This quiz has been taken 543 times
  • The average score is 327 of 389
Answer Stats
Answer % Correct
I
99%
i
99%
Boy
98%
boy
98%
Feel
98%
feel
98%
The
98%
the
98%
ya
98%
you
98%
You
98%
go
97%
go-oh
97%
know
97%
Feels
95%
feels
95%
got
95%
Got
95%
a
94%
A
94%
it
94%
It
94%
my
93%
so
91%
to
90%
I'm
89%
Yeah,
89%
yeah
89%
Yeah
89%
heart
87%
curious
85%
Get
85%
get
85%
me
85%
oh
85%
oh-oh
85%
But
84%
for
81%
Let
81%
let
81%
have
80%
it's
80%
on
80%
shy
80%
mind
79%
cool
78%
love
78%
obvious
78%
stolen
78%
your
78%
Baby
77%
baby
77%
Never
77%
never
77%
and
76%
like
76%
move
76%
tonight
76%
every
75%
time
75%
what's
75%
is
74%
keep
74%
too
74%
wanna
74%
all
71%
be
71%
'Bout
71%
more
71%
straight
71%
boo
70%
funny
70%
such
70%
attraction
69%
attraction-ah
69%
connection
69%
in
69%
thing
69%
butterflies
68%
frozen
68%
If
68%
ready
68%
can
67%
mystery
67%
ya
67%
Shoot!
66%
'Cause
65%
supernatural
65%
fire
64%
Gotta
64%
ali-i-ive
63%
alive
63%
bullseye?
63%
hit
63%
Lightning
62%
No
62%
real
62%
say
62%
head
61%
boom
60%
cupid's
60%
toe
60%
allure
59%
From
59%
same
59%
eye
58%
sure
57%
aim
56%
moonlight
54%
fool
53%
we
53%
that
52%
Catching
50%
vibe?
48%
Are
47%
dance
47%
Electricity
47%
beats
46%
lights
45%
wonder
43%
Underneath
42%
Would
42%
caught
40%
neon
40%
dark
39%
good
39%
Sway
37%
way
35%
dumb
28%
well
26%
No matching quizzes found
Score Distribution
Percent of People with Each Score
Percentile by Number Answered
Your Score History
You have not taken this quiz